MARC

Tag First Indicator Second Indicator Subfields
LEADER 00000cam a2200000 a 4500
001 in00000009419
005 20151007051536.0
008 870226s1985 ark b s00010 eng d
035 |a (OCoLC)15242531 
035 |9 AAA3505AM 
040 |a LHA  |c LHA  |d AST  |d OCL  |d m/c  |d TXA  |d UtOrBLW 
043 |a n-us--- 
049 |a TXAM  |c [A12642247] 
050 4 |a HD7256.U5  |b G7445 1985 
082 0 4 |a 362.0423 
100 1 |a Greenwood, Reed. 
245 1 0 |a Employer concerns regarding workers with disabilities /  |c Reed Greenwood, Virginia Anne Johnson. 
264 1 |a [Hot Springs, Ark.] :  |b Arkansas Research and Training Center in Vocational Rehabilitation,  |c [1985] 
300 |a xii, 170 pages ;  |c 27 cm. 
336 |a text  |b txt  |2 rdacontent 
337 |a unmediated  |b n  |2 rdamedia 
338 |a volume  |b nc  |2 rdacarrier 
500 |a "December 1985." 
500 |a "Developed under a research training center grant (G0083C010) from the National Institute of Handicapped Research"--P. [i] 
504 |a Bibliography: pages 157-170. 
650 0 |a People with disabilities  |x Employment  |z United States. 
650 0 |a Vocational rehabilitation  |z United States. 
650 0 |a Rehabilitation counselors  |x Training of. 
700 1 |a Johnson, Virginia Anne. 
710 2 |a Arkansas Research and Training Center in Vocational Rehabilitation. 
710 2 |a National Institute of Handicapped Research (U.S.) 
999 |a MARS 
999 f f |s d1735854-b02b-39f4-a19d-0a4b614f66e0  |i abefc28a-8714-327a-8d05-f23033752ff6  |t 0 
952 f f |p ric  |a Texas A&M University  |b Rellis Campus  |c Joint Library Facility  |d Remote Storage  |t 0  |e HD7256.U5 G7445 1985  |h Library of Congress classification  |i unmediated -- volume  |m A14812642247 
998 f f |a HD7256.U5 G7445 1985  |t 0  |l Remote Storage